000
00308nam a22001457a 4500
008
230907b ||||| |||| 00| 0 eng d
020
_a
9780809245124
041
_a
eng
080
_a
521
082
_a
521PEA
100
_a
19
101
_a
GJEO
245
_a
EINSTEIN'S MOON
_c
PEAT .D.F
942
_2
udc
_c
BK
999
_c
60270
_d
60270